000 00667nam a2200265Ia 4500
003 OSt
005 20221006155752.0
006 a|||||r|||| 00| 0
007 ta
008 221006b |||||||| |||| 00| 0 chi d
020 _cW9000
024 _a43,454
037 _cAnnuals, Advances
040 _aEASL
_cEASL
_bchi
041 _2chi
_achi
082 _aZ495, N6
100 _aHan Bokryong Au.
_9670319
245 0 _aMinpubphalgea
260 _aDeajeon
_bChungnam Deahakgyo Korea
_c1996
300 _a306p.
_ccm.
490 _v KL
650 _aKL
942 _hZ495, N6
_cREF
_2CC
999 _c1111540
_d1111540